Panama (Registro nro. 3749)
[ vista simple ]
| 000 -CABECERA | |
|---|---|
| Campo de control | 00515nam a2200181 a 4500 |
| 005 - FECHA Y HORA DE LA ULTIMA TRANSACCION | |
| Campo de control | 20160128145256.0 |
| 008 - ELEMENTOS DE LONGITUD FIJA—INFORMACION GENERAL | |
| Campo de control | 140312b1998 wau||||| |||| 00| 0 eng d |
| 040 ## - FUENTE DE CATALOGACIÓN | |
| Agencia catalogadora original | CO-BoIAVH |
| Agencia transcriptora | CO-BoIAVH |
| 041 ## - IDIOMA | |
| Código de idioma para texto/pista de sonido o título separado | Inglés |
| 044 ## - PAÍS DE PUBLICACIÓN | |
| País de publicación | Estados Unidos |
| 082 #4 - NUMERO DE CLASIFICACION DECIMAL DEWEY | |
| Número de clasificación | 333.707 |
| Número del ítem | G56p |
| 110 2# - ASIENTO PRINCIPAL--NOMBRE CORPORATIVO | |
| Unidad subordinad | Global Environment Facility |
| 9 (RLIN) | 11973 |
| 245 1# - MENCION DE TITULO | |
| Título | Panama |
| Parte restante del título | Atlantic Mesoamerican biological corridor project |
| 260 ## - PUBLICACION, DISTRIBUCION, ETC. (PIE DE IMPRENTA) | |
| Lugar de publicación, distribución, etc. | Washington |
| Nombre del editor, distribuidor, etc. | GEF |
| -- | World Bank |
| Fecha de publicación, distribución, etc. | 1998 |
| 300 ## - DESCRIPCION FISICA | |
| Extensión | 88 paginas.; |
| Dimensiones | 27 x 21 cm. |
| 942 ## - ELEMENTOS ADICIONALES (KOHA) | |
| Tipo de ítem | Libro |
| Sistema de clasificación | Dewey Decimal Classification |
| 945 ## - PROCESAMIENTO LOCAL | |
| AAAA-MM-DD - Fecha de ingreso o modificacion | 2004-03-24 |
| Withdrawn status | Lost status | Sistema de Clasificación | Damaged status | No para préstamo | Colección | Inventariado | Ubicación Permanente | Ubicación actual | Fecha de adquisición | Fuente de Valor | Valor | Total Checkouts | Número topográfico | Inventario / Código de Barras | Date last seen | Ejemplar | Price effective from | Forma de adquisición | Tipo de material |
|---|---|---|---|---|---|---|---|---|---|---|---|---|---|---|---|---|---|---|---|
| Dewey Decimal Classification | General | Inventariado 2017 | Sala Fabio Quevedo | Sala Fabio Quevedo | 24/03/2004 | Samper, Cristián | 39000.00 | LB-333.707 G56p | 015540 | 04/12/2012 | Ej. 2 | 04/12/2012 | Libro |